000 00886nas a2200301 4500
001 BR0702641
003 BR-BrBNA
005 20231205110818.0
007 ta
008 230509b bl.|||p| |||| 00| 00por d
040 _aBR-BrBNA
_bpor
_cBiblioteca Nacional de Agricultura
041 _a(Pt)
072 _aH10
100 1 _aPratissoli, D.
100 1 _aPolanezyk, R.A.
100 1 _aDalvi, L.P.
100 1 _aCocheto, J.C.
100 1 _aMelo, D.F.
245 1 _aOcorrência de Ascia monuste orseis (Lepidoptera: Pieridae)danificando mudas de Crataeva tapia
650 _aPAU D'ALHO
650 _aÁRVORE ANGIOSPERMA
650 _aASCIA MONUSTE
650 _aLEPIDOPTERO
650 _aCURUQUÊ
773 0 _tCiência Rural (Brazil)
_xISSN 0103-8478
_g(May-Jun 2007), v. 37(3) p. 874-875
_wBR0702641
909 _a202311
_bLúcia
_c55
_dLúcia Elande
942 _2AGRIS
_n0
_cANA
999 _c189193
_d189193